Výberová rešerš

Bibliographic Details
Format: Journal
Language:Slovak
PhysicalDescription:11 zv.
Published: Bratislava Československý výskumný ústav práce [1969-1980]
Subjects:

MARC

LEADER 00000cas a2200000 a 4500
001 vtls001344023
003 SK-MaSNL
005 20260228155800.0
008 981005d19691980xo r p 0 0b0slo
035 |a SNK000297212 
040 |a SNK  |b slo  |c SNK  |e AACR2 
041 0 |a slo 
044 |a xo  |c SK 
072 7 |a 331  |x Práca  |2 konspekt 
080 |a 014  |2 2011 
080 |a 331  |2 2011 
080 |a 050  |2 2011 
080 |a 025.4.03  |2 2011 
245 0 0 |a Výberová rešerš 
260 |a Bratislava  |b Československý výskumný ústav práce  |c [1969-1980] 
300 |a 11 zv. 
310 |a Nepravidelne 
362 0 |a [1969-1980] 
500 |a Monografická edícia, jednotlivé zväzky majú autora a názov 
650 0 7 |a práca  |2 SNKPH  |9 2337 
650 0 7 |a rešerše  |2 SNKPH  |9 1536 
910 |a snk 
999 |c 536  |d 536 
952 |0 0  |1 0  |4 0  |7 0  |a SNK  |b SNK  |d 1998-10-05  |l 0  |o snkČSB 2336/1974  |p 17A0163527  |r 2005-01-02 00:00:00  |t č. 1-8  |w 2026-02-21  |y PREZ 
952 |0 0  |1 0  |4 0  |7 0  |a SNK  |b SNK  |d 1998-10-05  |l 0  |o snkČSB 2336/1975  |p 17A0163000  |r 2005-01-02 00:00:00  |t č. 1-4  |w 2026-02-21  |y PREZ 
952 |0 0  |1 0  |4 0  |7 0  |a SNK  |b SNK  |d 1998-10-05  |l 0  |o snkČSB 2336/1980  |p 17A0163708  |r 2005-01-02 00:00:00  |t č. 1-12  |w 2026-02-21  |y PREZ 
952 |0 0  |1 0  |4 0  |7 0  |a SNK  |b SNK  |d 1998-10-05  |l 0  |o snkČSB 2336/1978  |p 17A0163540  |r 2005-01-02 00:00:00  |t č. 1-10  |w 2026-02-21  |y PREZ 
952 |0 0  |1 0  |4 0  |7 0  |a SNK  |b SNK  |d 1998-10-05  |l 0  |o snkČSB 2336/1977  |p 17A0163628  |r 2005-01-02 00:00:00  |t č. 5,7  |w 2026-02-21  |y PREZ 
952 |0 0  |1 0  |4 0  |7 0  |a SNK  |b SNK  |d 1998-10-05  |l 0  |o snkČSB 2336/4/1974  |p 17A0163663  |r 2005-01-02 00:00:00  |w 2026-02-21  |y PREZ 
952 |0 0  |1 0  |4 0  |7 0  |a SNK  |b SNK  |d 1998-10-05  |l 0  |o snkČSB 2336/1976  |p 17A0163859  |r 2005-01-02 00:00:00  |t č. 1-4  |w 2026-02-21  |y PREZ 
952 |0 0  |1 0  |4 0  |7 0  |a SNK  |b SNK  |d 1998-10-05  |l 0  |o snkČSB 2336/1/1972  |p 17A0163528  |r 2005-01-02 00:00:00  |w 2026-02-21  |y PREZ 
952 |0 0  |1 0  |4 0  |7 0  |a SNK  |b SNK  |d 1998-10-05  |l 0  |o snkČSB 2336/1979  |p 17A0163539  |r 2005-01-02 00:00:00  |t č. 1-6  |w 2026-02-21  |y PREZ 
952 |0 0  |1 0  |4 0  |7 0  |a SNK  |b SNK  |d 1998-10-05  |l 0  |o snkČSB 2336/2/1972  |p 17A0163542  |r 2005-01-02 00:00:00  |t č. 16-29  |w 2026-02-21  |y PREZ 
952 |0 0  |1 0  |4 0  |7 0  |a SNK  |b SNK  |d 1998-10-05  |l 0  |o snkČSB 2336/1973  |p 17A0163863  |r 2005-01-02 00:00:00  |t č. 1-14  |w 2026-02-21  |y PREZ